000 00515nmm a2200157Ia 4500
008 251105s9999||||xx |||||||||||||||||und||
020 _a9789580613534
041 _aspa
100 _aWilliams García, Mario
245 0 _aY mañana... ¿será igual? : ayer, hoy y mañana en la realidad colombiana
264 _a[Bogotá, Colombia] :
_bOveja Negra,
_c2016
300 _a221 páginas
650 _aHistory of the Americas: Latin America
856 _uhttps://public.digitaliapublishing.com/a/46715
942 _cCF
999 _c94993
_d94993